000 00775nam a22002297a 4500
005 20170124110130.0
010 _aB-061197
020 _c00.00
_a8173871191
035 _aB-061197
037 _bCen Lib/Ret
040 _aDPL
_bEN
082 _a954.62
_bSIN
100 _aSinha, A.C.
_932013
245 _aHimalayan kingdom bhutan :
_cby A.C. Sinha
_btradition, transition and transformation /
260 _aNew Delhi
_bIndus Publishing Company
_c2001
270 _bNew Delhi
_aFS-5, tagore garden
_e110027
300 _a260p.
_c21cm(Hb)
500 _aIncludes glossary, bibliographical references and index
650 _aPolitical science
_932014
650 _aPolitical science
_xHistoriography
_zBhutan
_932015
942 _2ddc
_cEN
_h954.62
_mSIN
999 _c131528
_d131528